00000000nam##2200000za#4500
0019.625805
003CaOODSP
00520200327184241
007ta
008150406|2001||||xxc|||||     f|0| 0 fre|d
020 |a0-662-86296-1
040 |aCaOODSP|bfre
043 |an-cn---
0861 |aH113-7/2001-13F
1101 |aCanada.|bSanté Canada. |bAgence de réglementation de la lutte antiparasitaire.
24510|aIsomate-M 100, phéromone de la tordeuse orientale du pêcher, perturbant son comportement reproducteur dans les arbres fruitiers
260 |aOttawa - Ontario : |bSanté Canada. |c2001.
300 |a13p. ; |c28 cm.
4901 |aNote réglementaire |vREG 2001-13
563 |aCouverture souple
590 |a01-50|b2001-12-14
69107|aPesticide|2gcpds
69107|aCultures fruitières|2gcpds
77508|tIsomate-M 100 Oriental Fruit Moth Pheromone for use in orchards to disrupt oriental fruit moth mating |w(CaOODSP)9.615787
7760#|tIsomate-M 100, phéromone de la tordeuse orientale du pêcher, perturbant son comportement reproducteur dans les arbres fruitiers |w(CaOODSP)9.590963
830#0|aNote réglementaire ;|vREG 2001-13|w(CaOODSP)9.513063